Vybraná ustanovení novely zákona o daních z příjmů č. 438/2003 Sb.

Novela zákona č. 438/2003 Sb. o daniach z príjmov reaguje na zmeny v oblasti účtovníctva platné od 1.1.2004, na zrušenie jednoduchého účtovníctva, zavádza tzv. daňovú evidenciu pre podnikateľov, zavádza minimálny základ dane pre niektorých poplatníkov, prináša zmeny v úprave základu dane, daňových v...

Ausführliche Beschreibung

Gespeichert in:
Bibliographische Detailangaben
1. Verfasser: Sedláková, Eva
Format: Buchkapitel
Sprache:Tschechisch
Schlagworte:
Tags: Tag hinzufügen
Keine Tags, Fügen Sie das erste Tag hinzu!

MARC

LEADER 00000naa$a2200000$$$4500
001 0005549
005 20230913112049.8
041 0 |a cze 
044 |a CZ 
245 1 0 |a Vybraná ustanovení novely zákona o daních z příjmů č. 438/2003 Sb.  |c aut. Eva Sedláková 
520 |a Novela zákona č. 438/2003 Sb. o daniach z príjmov reaguje na zmeny v oblasti účtovníctva platné od 1.1.2004, na zrušenie jednoduchého účtovníctva, zavádza tzv. daňovú evidenciu pre podnikateľov, zavádza minimálny základ dane pre niektorých poplatníkov, prináša zmeny v úprave základu dane, daňových výdavkov, predlžuje dobu odpisovania administratívnych budov, zvyšuje nezdaniteľné časti základu dane na deti. Príklady. Pokračovanie v budúcom čísle. 
610 2 0 |a zákony 
610 2 0 |a dane z príjmov 
610 2 0 |a Česko 
610 2 0 |a novelizácia 
610 2 0 |a 2003 
100 1 |a Sedláková, Eva